ბათუმის შოთა რუსთაველის სახელმწიფო უნივერსიტეტის ბიბლიოთეკა

ეკონომიკურ მოძღვრებათა რეტროსპექტივა და პრობლემები : (ბიბ.ჩანაწერი № 36621)

000 -ლიდერი
ფიქსირებული სიგრძის საკონტროლო ველი 00886nam a2200205Ia 4500
001 - საკონტროლო ნომერი
საკონტროლო ველი 2541
003 - საკონტროლო ნომრის იდენტიფიკატორი
საკონტროლო ველი GE_BSU
005 - ბოლო ოპერაციის თარიღი და დრო
საკონტროლო ველი 20250404165605.0
008 - ფიქსირებული სიგრძის მონაცემთა ელემენტები - ზოგადი ინფორმაცია
ფიქსირებული სიგრძის საკონტროლო ველი 181216s1997||||ge |||||||||||||| ||geo||
040 ## - კატალოგიზაციის წყარო
Transcribing agency GE_BSU
041 ## - ენის კოდი
Language code of text/sound track or separate title geo
080 ## - უნივერსალური ათობითი კლასიფიკაციის ინდექსი
Universal Decimal Classification number 330.8 ხ–27
100 ## - მთავარი ჩანაწერი - პიროვნების სახელი
Personal name ხარიტონაშვილი, ჯემალ
9 (RLIN) 21351
245 ## - ცნობა სათაურის შესახებ
Title ეკონომიკურ მოძღვრებათა რეტროსპექტივა და პრობლემები :
Remainder of title ნაწ. 2 /
Statement of responsibility, etc ჯემალ ხარიტონაშვილი; [რედ. ჯ. კახნიაშვილი].
264 ## - წარმოების, გამოცემის, დისტრიბუციის და სხვა ცნობები
გამოცემის, წარმოების, დისტრიბუციის... ადგილი თბილისი :
გამოცემის, წარმოების, დისტრიბუციის... სახელწოდება საქპროფგამი,
გამოცემის, წარმოების, დისტრიბუციის... თარიღი 1997.
300 ## - ფიზიკური აღწერა
Extent 159 გვ.
653 ## - INDEX TERM--UNCONTROLLED
Uncontrolled term ეკონომიკა
700 ## - ADDED ENTRY--PERSONAL NAME
Personal name კახნიაშვილი, ჯ.
Relator term რედაქტორი
9 (RLIN) 24739
942 ## - ADDED ENTRY ELEMENTS (KOHA)
Koha item type წიგნი
Source of classification or shelving scheme
ეგზემპლარები
ჩამოწერის სტატუსი დაკარგული ეგზემპლარის სტატუსი კლასიფიკაციის წყარო ან თაროზე გაწყობის სქემა დაზიანების სტატუსი არ გაიცემა მუდმივი მდებარეობა (დაცვის ადგილი) ამჟამინდელი ადგილსამყოფელი თაროზე განთავსების ადგილი შეძენის თარიღი სრული შენახვის შიფრი შტრიხკოდი ბოლო ოპერაციის თარიღი ეგზემპლარის მიმდევრობითი ნომერი (კეტერი?) ფასის ძალაში შესვლის თარიღი ეგზემპლარის სახეობა
          ბათუმის შოთა რუსთაველის სახელმწიფო უნივერსიტეტის მთავარი ბიბლიოთეკა ბათუმის შოთა რუსთაველის სახელმწიფო უნივერსიტეტის მთავარი ბიბლიოთეკა წიგნსაცავი 2018-12-17 330.8 ხ–27 957 2018-12-17 957 2018-12-17 წიგნი